| 000 | 00944cab a2200265 4500 | ||
|---|---|---|---|
| 001 | ABS56600 | ||
| 008 | 090401t1997 xxu||||| |||| 00| 0 eng d | ||
| 035 | _a(Sirsi) u24780 | ||
| 041 | _aeng | ||
| 100 | _aDear, B. | ||
| 245 | _aPaper tigers | ||
| 260 | _c1997 | ||
| 350 | _a0 | ||
| 490 |
_aEstates Gazette _v(9708) 2 February 1997, 124-126(3) |
||
| 520 | _aAdvises that tenants should not be deterred by alterations covenants in their lease. Although the drafting of the covenant favours the landlord, statute and common law is against him. Defines the term `alteration` and discusses statutory weapons that can be used. | ||
| 650 | _aALTERATIONS | ||
| 650 | _aBREACH OF COVENANT | ||
| 650 | _aLANDLORD AND TENANT ACT 1927 PT I | ||
| 650 | _aLANDLORD AND TENANT ACT 1927 PT II | ||
| 650 | _aLEASES | ||
| 650 | _aWITHHOLDING CONSENT | ||
| 690 | _aLANDLORD AND TENANT-BUSINESS TENANCIES | ||
| 942 | _n0 | ||
| 948 | _c04/03/1997 | ||
| 999 |
_c16626 _d16626 |
||